| 000 | 00776nam a2200265 a 4500 | ||
|---|---|---|---|
| 001 | 73191 | ||
| 003 | BD-RjUL | ||
| 005 | 20211209082347.0 | ||
| 008 | 170529s1957 enkaf 001 0 eng d | ||
| 035 | _a(BD-RjUL)73409 | ||
| 040 |
_aGAT _cGAT _dBD-RjUL _beng |
||
| 041 | _aeng | ||
| 082 | 0 | 4 |
_a621.3 _223 _bVIE 1957 |
| 090 |
_aTK148 _b.V5 1957 |
||
| 100 | 1 |
_aVinycomb, T. B. _q(Thomas Bernard). _9216505 |
|
| 245 | 1 | 0 |
_aElectricity to-day / _cby T. B. Vinycomb ; revised by F. J. M. Laver. |
| 250 | _a2d ed. | ||
| 260 |
_aLondon : _bOxford University Press, _c1957. |
||
| 300 |
_a192 p. : _bill. ; _c21 cm. |
||
| 490 | 0 |
_aPageant of progress ; _v9 |
|
| 500 | _aIncludes index | ||
| 650 | 0 |
_aElectricity. _9216506 |
|
| 830 |
_aPageant of progress _9216508 |
||
| 942 |
_2ddc _cBK |
||
| 999 |
_c73191 _d73191 |
||